000 00475nam a22001817a 4500
008 150722b xxu||||| |||| 00| 0 eng d
020 _a3214082434
041 0 _aeng
080 _a658
245 _aHandbook of Management by Projects /
_cedited by Roland Gareis ;
260 _aVienna :
_bVerlags ;
_c1990.
300 _a446 f. :
_bme il.;
_c25 cm.
500 _aPreface: f. [7]-[8]
650 0 _aOrganizim
650 0 _aUdhëheqje
650 0 _aProjekt
942 _2udc
_cBK
999 _c1136
_d1136